| 000 | 00497nam a2200181Ia 4500 | ||
|---|---|---|---|
| 005 | 20250508153941.0 | ||
| 008 | 008 250505s9999 xx 000 0 eng d | ||
| 037 | _aTextual | ||
| 040 |
_aFEDL _beng _cFEDL |
||
| 041 |
_aeng _2eng |
||
| 084 |
_a630, IND _qFEDL |
||
| 245 | 0 | _aBram sevak's buide for increasing agricultural production | |
| 245 | 0 | _cIndia,. Education (Ministry of...) | |
| 260 | _c1958 | ||
| 300 | _a96p. | ||
| 942 |
_cTEXL _h630, IND |
||
| 999 |
_c1346569 _d1346569 |
||